Most Famous Landmarks in the World 61-80 - Statistics

General Stats
  • This quiz has been taken 6 times
  • The average score is 2 of 20
Answer Stats
Place Landmark % Correct
St. Petersburg, Russia The Hermitage
80%
New York City, USA Empire State Building
60%
Egypt Abu Simbel
20%
Berlin, Germany Dom
20%
Bucegi, Romania Sphinx
20%
France Carnac
0%
Islamabad, Pakistan Faisal Mosque
0%
Shanghai, China Jin Mao
0%
India Konark Sun Temple
0%
Luxor, Egypt Luxor Temple
0%
Ecuador Middle of the Earth
0%
France Millau Bridge
0%
Moscow, Russia Moscow Kremlin
0%
Ireland Newgrange
0%
Naples, Italy Pompeii
0%
Medina, Saudi Arabia Prophet's Mosque
0%
Bali, Indonesia Temple of Besakih
0%
Nepal Tilicho Lake
0%
Jerusalem, Israel Wailing Wall
0%
Belgium Waterloo
0%
No matching quizzes found
Score Distribution
Percent of People with Each Score
Percentile by Number Answered
Your Score History
You have not taken this quiz